Los Angeles Rams 2024 Roster - Statistics

General Stats
  • This quiz has been taken 160 times
  • The average score is 15 of 27
Answer Stats
Position College Answer % Correct
QB Georgia Matthew Stafford
100%
RB Notre Dame Kyren Williams
96%
WR 2 BYU Puka Nacua
96%
WR 1 Eastern Washington Cooper Kupp
93%
RB Michigan Blake Corum
79%
ROLB Florida State Jared Verse
75%
QB Georgia Stetson Bennett
75%
WR 3 Florida Demarcus Robinson
68%
LDE Florida State Braden Fiske
65%
TE 1 Stanford Colby Parkinson
64%
K Stanford Joshua Karty
60%
LOLB Tennessee Byron Young
56%
RT Wisconsin Rob Havenstein
55%
RDE Wake Forest Kobie Turner
52%
TE 2 Clemson Davis Allen
51%
LT Iowa Alaric Jackson
48%
P Wingate Ethan Evans
48%
RG Louisiana Kevin Dotson
46%
FS Boston College John Johnson III
45%
WR 4 Minnesota Tyler Johnson
45%
CB 2 South Carolina State Cobie Durant
42%
C Arkansas Beaux Limmer
39%
SS Arkansas Kamren Curl
39%
NT Texas A&M Bobby Brown III
38%
CB 1 LSU Tre'Davious White
38%
MLB Delaware Troy Reeder
21%
LG Wisconsin Logan Bruss
14%
No matching quizzes found
Score Distribution
Percent of People with Each Score
Percentile by Number Answered
Your Score History
You have not taken this quiz